00459nam a2200121Ia 4500008004100000082001500041100003600056245006200092260005300154365000600207630006200213730006200275100415s9999 xx 000 0 und d b19417a500 aIndian National Science Academy aProceeding Of The National Institute Of Sciences Of India aNEW DELHIc1970bIndian National Science Academy b0 aProceeding Of The National Institute Of Sciences Of India aProceeding Of The National Institute Of Sciences Of India